000 01347nam a2200337 i 4500
001 77812
003 ES-MaACL
005 20260201162748.0
007 t|
008 041110s2004 sp ||||1| spa d
020 _a84-8181-201-3
080 _a902 Cabré, Juan (060.64)
080 _a903(460)(084.12)(084.823)
080 _a904(460)(084.12)(084.823)
245 0 3 _aEl arqueólogo Juan Cabré (1882-1947) :
_bla fotografía como técnica documental : Museo de San Isidro, del 24 de junio al 31 de octubre de 2004 /
_cedición al cuidado de Juan Blánquez Pérez y Belén Rodríguez Nuere.
260 _aMadrid :
_bMinisterio de Cultura, Secretaría General Técnica,
_c2004.
300 _a423 p. :
_bil. col. y n. ;
_c29 cm +
_e1 CD-ROM.
504 _aBibliografía: p. 395-423.
600 1 4 _aCabré Aguiló, Juan,
_d1882-1947-
_vExposiciones
_933259
650 _aExcavaciones arqueológicas-
_zEspaña.
_9152471
655 7 _2tgfbne
_9193628
_aCatálogos de exposiciones
700 1 _aBlánquez Pérez, Juan.
_929330
700 1 _aRodríguez Nuere, Belén.
_998701
710 2 _aMuseo de San Isidro (Madrid)
_9172710
852 _aES-MaACL
_jL-28409
852 _aES-MaACL
_jL-28599
852 _aES-MaACL
_jROT 2/2/18
_z- CD-ROM
852 _aES-MaACL
_jROT 2/2/19
_z- CD-ROM
942 _2udc
999 _c77812
_d77812